[Event "FIDE World Cup 2025"]
[Site "Goa, India"]
[Date "2025.11.03"]
[Round "4.7"]
[White "Suleymenov, Alisher"]
[Black "Neiksans, Arturs"]
[Result "1-0"]
[TimeControl ": 90 minutes for the first 40 moves, followed by 30 minutes for the rest of the gamewith an increment of 30 seconds per move starting from move 1"]
[WhiteFideId "13707833"]
[BlackFideId "11601388"]
[WhiteElo "2491"]
[BlackElo "2585"]

1. e4 {[%clk 00:15:19]} c6 {[%clk 00:15:20]} {[%emt 00:00:02]} 2. d4 {[%clk
00:15:27]} d5 {[%clk 00:15:29]} 3. e5 {[%clk 00:15:36]} {[%emt 00:00:01]} c5
{[%clk 00:15:38]} 4. Nf3 {[%clk 00:15:43]} {[%emt 00:00:02]} cxd4 {[%clk
00:15:43]} {[%emt 00:00:05]} 5. Nxd4 {[%clk 00:15:52]} {[%emt 00:00:02]} Nc6
{[%clk 00:15:52]} 6. Nxc6 {[%clk 00:16:00]} {[%emt 00:00:02]} bxc6 {[%clk
00:16:01]} 7. Bd3 {[%clk 00:16:09]} e6 {[%clk 00:16:10]} {[%emt 00:00:01]} 8.
O-O {[%clk 00:16:09]} {[%emt 00:00:10]} Ne7 {[%clk 00:16:18]} {[%emt 00:00:01]}
9. Nd2 {[%clk 00:16:05]} {[%emt 00:00:14]} a5 {[%clk 00:16:24]} {[%emt
00:00:06]} 10. Nf3 {[%clk 00:16:13]} Ba6 {[%clk 00:16:26]} {[%emt 00:00:08]} 11.
Bxa6 {[%clk 00:16:22]} {[%emt 00:00:01]} Rxa6 {[%clk 00:16:35]} {[%emt
00:00:01]} 12. c4 {[%clk 00:16:25]} {[%emt 00:00:07]} Ng6 {[%clk 00:16:36]}
{[%emt 00:00:10]} 13. Be3 {[%clk 00:16:33]} {[%emt 00:00:01]} Be7 {[%clk
00:16:24]} {[%emt 00:00:22]} 14. h4 {[%clk 00:16:41]} {[%emt 00:00:02]} h5
{[%clk 00:15:57]} {[%emt 00:00:37]} 15. Rc1 {[%clk 00:16:50]} {[%emt 00:00:02]}
O-O {[%clk 00:15:07]} {[%emt 00:00:59]} 16. Qe2 {[%clk 00:16:28]} {[%emt
00:00:32]} Ra8 {[%clk 00:13:42]} {[%emt 00:01:35]} 17. g3 {[%clk 00:15:31]}
{[%emt 00:01:08]} Re8 {[%clk 00:09:50]} {[%emt 00:04:01]} 18. Rfd1 {[%clk
00:15:12]} {[%emt 00:00:29]} Qb8 {[%clk 00:09:15]} {[%emt 00:00:45]} 19. Nd4
{[%clk 00:14:05]} {[%emt 00:01:16]} Qxe5 {[%clk 00:08:36]} {[%emt 00:00:49]} 20.
Nxc6 {[%clk 00:14:13]} {[%emt 00:00:03]} Qf5 {[%clk 00:08:44]} {[%emt
00:00:02]} 21. cxd5 {[%clk 00:14:03]} {[%emt 00:00:21]} exd5 {[%clk 00:08:48]}
{[%emt 00:00:06]} 22. Qd3 {[%clk 00:13:27]} {[%emt 00:00:45]} Qg4 {[%clk
00:07:19]} {[%emt 00:01:38]} 23. Qd4 {[%clk 00:12:35]} {[%emt 00:01:03]} Qh3
{[%clk 00:06:42]} {[%emt 00:00:48]} 24. Nxe7+ {[%clk 00:12:14]} {[%emt
00:00:31]} Nxe7 {[%clk 00:06:06]} {[%emt 00:00:46]} 25. Bg5 {[%clk 00:12:15]}
{[%emt 00:00:09]} f6 {[%clk 00:05:29]} {[%emt 00:00:47]} 26. Bf4 {[%clk
00:11:33]} {[%emt 00:00:51]} Rad8 {[%emt 00:00:43]} 27. Bc7 {[%clk 00:11:07]}
Rd7 {[%clk 00:04:01]} {[%emt 00:01:42]} 28. Re1 {[%clk 00:11:07]} {[%emt
00:00:10]} Kf7 {[%clk 00:03:44]} {[%emt 00:00:27]} 29. Bxa5 {[%clk 00:10:20]}
{[%emt 00:00:56]} Nf5 {[%clk 00:03:26]} {[%emt 00:00:29]} 30. Qf4 {[%clk
00:10:20]} {[%emt 00:00:10]} Rxe1+ {[%clk 00:02:31]} {[%emt 00:01:06]} 31. Bxe1
{[%clk 00:10:06]} {[%emt 00:00:23]} Kg6 {[%clk 00:02:33]} {[%emt 00:00:08]} 32.
Bd2 {[%clk 00:09:23]} {[%emt 00:00:53]} Rd8 {[%clk 00:02:24]} {[%emt 00:00:19]}
33. a4 {[%clk 00:08:55]} {[%emt 00:00:38]} Re8 {[%clk 00:02:33]} {[%emt
00:00:01]} 34. Re1 {[%clk 00:07:39]} {[%emt 00:01:26]} Rc8 {[%clk 00:02:43]} 35.
Rc1 {[%clk 00:04:32]} {[%emt 00:03:18]} Re8 {[%clk 00:02:52]} 36. Re1 {[%clk
00:04:41]} Rc8 {[%clk 00:03:01]} 37. a5 {[%clk 00:04:34]} {[%emt 00:00:17]} Rc4
{[%clk 00:03:05]} {[%emt 00:00:06]} 38. Qb8 {[%clk 00:04:43]} Rxh4 {[%clk
00:00:27]} {[%emt 00:02:48]} 39. gxh4 {[%clk 00:04:09]} {[%emt 00:00:44]} Qg4+
{[%clk 00:00:36]} {[%emt 00:00:02]} 40. Kf1 {[%clk 00:03:55]} {[%emt 00:00:24]}
Qh3+ {[%clk 00:00:44]} {[%emt 00:00:02]} 41. Ke2 {[%emt 00:01:04]} Qg4+ {[%clk
00:00:53]} 42. f3 {[%emt 00:00:33]} Nd4+ {[%clk 00:00:55]} 43. Kd3 {[%clk
00:01:25]} {[%emt 00:01:33]} Nxf3 {[%clk 00:01:00]} {[%emt 00:00:05]} 44. Qb4
{[%clk 00:00:34]} {[%emt 00:01:00]} Qf5+ {[%clk 00:00:48]} {[%emt 00:00:22]} 45.
Kc3 {[%clk 00:00:31]} {[%emt 00:00:13]} d4+ {[%clk 00:00:58]} {[%emt 00:00:01]}
46. Kb3 {[%clk 00:00:24]} {[%emt 00:00:17]} Qd3+ {[%clk 00:01:01]} {[%emt
00:00:06]} 47. Ka2 {[%clk 00:00:33]} {[%emt 00:00:03]} Nxh4 {[%clk 00:00:23]}
{[%emt 00:00:48]} 48. Rg1+ {[%clk 00:00:28]} {[%emt 00:00:13]} Kh7 {[%clk
00:00:32]} 49. Qb7 {[%clk 00:00:24]} {[%emt 00:00:15]} Nf5 {[%clk 00:00:41]} 50.
a6 {[%clk 00:00:18]} {[%emt 00:00:16]} Qc4+ {[%clk 00:00:47]} {[%emt 00:00:04]}
51. Ka1 {[%clk 00:00:17]} {[%emt 00:00:11]} d3 {[%clk 00:00:36]} {[%emt
00:00:22]} 52. Rc1 {[%clk 00:00:23]} {[%emt 00:00:04]} Qa4+ {[%clk 00:00:41]}
{[%emt 00:00:05]} 53. Kb1 {[%clk 00:00:32]} Nd4 {[%clk 00:00:50]} 54. a7 {[%clk
00:00:24]} {[%emt 00:00:18]} Nb3 {[%clk 00:00:31]} {[%emt 00:00:29]} 55. Qxb3
{[%clk 00:00:32]} {[%emt 00:00:02]} Qxb3 {[%clk 00:00:40]} {[%emt 00:00:01]} 56.
a8=Q {[%clk 00:00:37]} {[%emt 00:00:05]} Qe6 {[%clk 00:00:25]} {[%emt
00:00:23]} 57. Qf3 {[%clk 00:00:43]} {[%emt 00:00:04]} h4 {[%clk 00:00:30]}
{[%emt 00:00:06]} 58. Qxd3+ {[%clk 00:00:46]} {[%emt 00:00:07]} f5 {[%clk
00:00:38]} {[%emt 00:00:02]} 59. Rh1 {[%clk 00:00:40]} {[%emt 00:00:15]} Qf6
{[%clk 00:00:36]} {[%emt 00:00:13]} 60. Rf1 {[%clk 00:00:43]} {[%emt 00:00:07]}
Kg6 {[%clk 00:00:35]} {[%emt 00:00:11]} 61. Bc3 {[%clk 00:00:52]} {[%emt
00:00:02]} Qe6 {[%clk 00:00:43]} {[%emt 00:00:03]} 62. Rg1+ {[%clk 00:00:56]}
{[%emt 00:00:05]} 1-0

[Event "FIDE World Cup 2025"]
[Site "Goa, India"]
[Date "2025.11.03"]
[Round "4.8"]
[White "Lashkin, Jegor"]
[Black "Tin, Jingyao"]
[Result "0-1"]
[TimeControl ": 90 minutes for the first 40 moves, followed by 30 minutes for the rest of the gamewith an increment of 30 seconds per move starting from move 1"]
[WhiteFideId "13907808"]
[BlackFideId "5804418"]
[WhiteElo "2497"]
[BlackElo "2583"]

1. Nf3 {[%emt 00:00:05]} d5 {[%clk 00:15:19]} 2. g3 {[%clk 00:15:25]} Nd7
{[%clk 00:15:22]} {[%emt 00:00:06]} 3. d4 {[%clk 00:15:33]} {[%emt 00:00:03]}
Nb6 {[%clk 00:15:29]} {[%emt 00:00:03]} 4. Nc3 {[%clk 00:15:19]} {[%emt
00:00:24]} Bf5 {[%clk 00:15:18]} {[%emt 00:00:21]} 5. Nh4 {[%clk 00:15:16]}
{[%emt 00:00:13]} Bg4 {[%clk 00:15:24]} {[%emt 00:00:04]} 6. Qd3 {[%clk
00:15:22]} {[%emt 00:00:04]} e6 {[%clk 00:14:26]} {[%emt 00:01:09]} 7. Bg2
{[%clk 00:15:15]} {[%emt 00:00:16]} Be7 {[%clk 00:13:11]} {[%emt 00:01:25]} 8.
h3 {[%clk 00:15:24]} {[%emt 00:00:02]} Bh5 {[%clk 00:13:13]} {[%emt 00:00:08]}
9. g4 {[%clk 00:13:47]} {[%emt 00:01:46]} Bxh4 {[%clk 00:12:16]} {[%emt
00:01:06]} 10. gxh5 {[%clk 00:13:55]} {[%emt 00:00:02]} Bg5 {[%clk 00:11:57]}
{[%emt 00:00:29]} 11. Qg3 {[%clk 00:12:56]} {[%emt 00:01:09]} Bxc1 {[%clk
00:11:45]} {[%emt 00:00:23]} 12. Rxc1 {[%clk 00:13:05]} Ne7 {[%clk 00:08:24]}
{[%emt 00:03:31]} 13. e4 {[%clk 00:12:29]} {[%emt 00:00:47]} c6 {[%clk
00:06:47]} {[%emt 00:01:47]} 14. Rd1 {[%clk 00:11:55]} {[%emt 00:00:44]} h6
{[%clk 00:05:50]} {[%emt 00:01:07]} 15. O-O {[%clk 00:08:56]} {[%emt 00:03:08]}
O-O {[%clk 00:05:36]} {[%emt 00:00:24]} 16. Kh1 {[%clk 00:08:29]} {[%emt
00:00:37]} Kh8 {[%clk 00:03:42]} {[%emt 00:02:04]} 17. Ne2 {[%clk 00:08:19]}
{[%emt 00:00:19]} dxe4 {[%clk 00:03:22]} {[%emt 00:00:31]} 18. Bxe4 {[%clk
00:08:28]} {[%emt 00:00:01]} Nf5 {[%clk 00:03:32]} {[%emt 00:00:01]} 19. Qg4
{[%clk 00:07:28]} {[%emt 00:01:06]} Qf6 {[%clk 00:02:42]} {[%emt 00:01:03]} 20.
c3 {[%clk 00:04:39]} {[%emt 00:02:58]} a5 {[%clk 00:02:43]} {[%emt 00:00:10]}
21. Rg1 {[%clk 00:03:47]} {[%emt 00:01:02]} a4 {[%clk 00:02:42]} {[%emt
00:00:11]} 22. Bd3 {[%clk 00:03:23]} {[%emt 00:00:33]} Nd5 {[%clk 00:02:04]}
{[%emt 00:00:47]} 23. a3 {[%clk 00:03:16]} {[%emt 00:00:18]} b6 {[%clk
00:01:24]} {[%emt 00:00:49]} 24. Qe4 {[%clk 00:03:17]} {[%emt 00:00:10]} Qh4
{[%clk 00:00:58]} {[%emt 00:00:36]} 25. Qf3 {[%clk 00:01:37]} {[%emt 00:01:50]}
Qf6 {[%clk 00:00:59]} {[%emt 00:00:09]} 26. Rg4 {[%clk 00:01:29]} {[%emt
00:00:18]} Rg8 {[%clk 00:00:28]} {[%emt 00:00:41]} 27. Rdg1 {[%clk 00:01:33]}
{[%emt 00:00:06]} b5 {[%clk 00:00:34]} {[%emt 00:00:05]} 28. Qe4 {[%clk
00:01:33]} {[%emt 00:00:09]} Qd8 {[%clk 00:00:21]} {[%emt 00:00:23]} 29. R4g2
{[%clk 00:00:58]} {[%emt 00:00:45]} Rc8 {[%clk 00:00:22]} {[%emt 00:00:10]} 30.
Qf3 {[%clk 00:00:22]} {[%emt 00:00:45]} Qf6 {[%clk 00:00:18]} {[%emt 00:00:14]}
31. Bb1 {[%clk 00:00:15]} {[%emt 00:00:17]} Nh4 {[%clk 00:00:14]} {[%emt
00:00:15]} 32. Qe4 {[%clk 00:00:14]} {[%emt 00:00:10]} Nf5 {[%clk 00:00:18]}
{[%emt 00:00:06]} 33. Ng3 {[%clk 00:00:14]} {[%emt 00:00:10]} Nde7 {[%clk
00:00:17]} {[%emt 00:00:12]} 34. Kh2 {[%clk 00:00:12]} {[%emt 00:00:11]} c5
{[%clk 00:00:13]} {[%emt 00:00:15]} 35. dxc5 {[%clk 00:00:14]} {[%emt
00:00:07]} Rxc5 {[%clk 00:00:20]} {[%emt 00:00:04]} 36. Qd3 {[%clk 00:00:12]}
{[%emt 00:00:12]} Rd5 {[%clk 00:00:27]} {[%emt 00:00:03]} 37. Qe2 {[%clk
00:00:12]} {[%emt 00:00:10]} Nh4 {[%clk 00:00:14]} {[%emt 00:00:23]} 38. Be4
{[%clk 00:00:00]} {[%emt 00:00:12]} 0-1

[Event "FIDE World Cup 2025"]
[Site "Goa, India"]
[Date "2025.11.03"]
[Round "4.9"]
[White "Warmerdam, Max"]
[Black "Lalit, Babu M R"]
[Result "1-0"]
[TimeControl ": 90 minutes for the first 40 moves, followed by 30 minutes for the rest of the gamewith an increment of 30 seconds per move starting from move 1"]
[WhiteFideId "1048104"]
[BlackFideId "5024595"]
[WhiteElo "2582"]
[BlackElo "2502"]

1. Nf3 {[%clk 00:15:19]} {[%emt 00:00:01]} d5 {[%clk 00:15:17]} {[%emt
00:00:03]} 2. c4 {[%clk 00:15:27]} {[%emt 00:00:02]} c6 {[%clk 00:15:22]}
{[%emt 00:00:04]} 3. g3 {[%clk 00:15:36]} {[%emt 00:00:02]} Bg4 {[%clk
00:14:57]} {[%emt 00:00:34]} 4. Bg2 {[%clk 00:14:44]} {[%emt 00:01:02]} e6
{[%clk 00:14:50]} {[%emt 00:00:17]} 5. h3 {[%clk 00:14:51]} {[%emt 00:00:03]}
Bxf3 {[%clk 00:14:36]} {[%emt 00:00:24]} 6. Bxf3 {[%clk 00:15:00]} {[%emt
00:00:01]} Nd7 {[%clk 00:14:32]} {[%emt 00:00:14]} 7. d4 {[%clk 00:14:51]}
{[%emt 00:00:19]} Bb4+ {[%clk 00:11:33]} {[%emt 00:03:10]} 8. Nd2 {[%clk
00:14:13]} {[%emt 00:00:48]} dxc4 {[%clk 00:11:33]} {[%emt 00:00:09]} 9. O-O
{[%clk 00:14:08]} {[%emt 00:00:16]} Nb6 {[%clk 00:11:40]} {[%emt 00:00:03]} 10.
e3 {[%clk 00:13:31]} {[%emt 00:00:46]} Nf6 {[%clk 00:09:16]} {[%emt 00:02:34]}
11. Qc2 {[%clk 00:13:40]} {[%emt 00:00:02]} Bxd2 {[%clk 00:08:18]} {[%emt
00:01:08]} 12. Bxd2 {[%clk 00:13:49]} O-O {[%clk 00:08:27]} {[%emt 00:00:01]}
13. a4 {[%clk 00:13:57]} {[%emt 00:00:02]} a5 {[%clk 00:08:33]} {[%emt
00:00:04]} 14. Rfb1 {[%clk 00:13:28]} {[%emt 00:00:40]} Qc7 {[%clk 00:08:18]}
{[%emt 00:00:25]} 15. b3 {[%clk 00:12:39]} {[%emt 00:00:58]} c5 {[%clk
00:08:18]} {[%emt 00:00:10]} 16. dxc5 {[%clk 00:12:37]} {[%emt 00:00:13]} Qxc5
{[%clk 00:08:27]} 17. Bxb7 {[%clk 00:09:02]} {[%emt 00:03:46]} Rab8 {[%clk
00:07:30]} {[%emt 00:01:06]} 18. Bg2 {[%clk 00:09:00]} {[%emt 00:00:12]} Rfc8
{[%clk 00:07:17]} {[%emt 00:00:23]} 19. Be1 {[%clk 00:07:14]} {[%emt 00:01:57]}
Nfd5 {[%clk 00:05:34]} {[%emt 00:01:52]} 20. bxc4 {[%clk 00:07:16]} {[%emt
00:00:08]} Qxc4 {[%clk 00:05:27]} {[%emt 00:00:18]} 21. Qxc4 {[%clk 00:06:26]}
{[%emt 00:01:00]} Nxc4 {[%clk 00:05:25]} {[%emt 00:00:12]} 22. Rb5 {[%clk
00:04:18]} {[%emt 00:02:18]} Rxb5 {[%clk 00:05:09]} {[%emt 00:00:26]} 23. axb5
{[%clk 00:04:27]} {[%emt 00:00:02]} g5 {[%clk 00:02:08]} {[%emt 00:03:11]} 24.
Bxa5 {[%clk 00:03:35]} {[%emt 00:01:02]} Nxa5 {[%clk 00:02:16]} {[%emt
00:00:02]} 25. Rxa5 {[%clk 00:03:43]} {[%emt 00:00:01]} Rc1+ {[%clk 00:02:25]}
26. Kh2 {[%clk 00:03:18]} {[%emt 00:00:35]} Rb1 {[%clk 00:02:34]} {[%emt
00:00:02]} 27. Bxd5 {[%clk 00:02:38]} {[%emt 00:00:50]} exd5 {[%clk 00:02:43]}
{[%emt 00:00:01]} 28. Ra8+ {[%clk 00:02:47]} {[%emt 00:00:02]} Kg7 {[%clk
00:02:51]} 29. Rb8 {[%clk 00:02:56]} {[%emt 00:00:02]} Rb4 {[%clk 00:02:48]}
{[%emt 00:00:13]} 30. b6 {[%clk 00:03:05]} {[%emt 00:00:02]} h5 {[%clk
00:02:24]} {[%emt 00:00:33]} 31. Kg2 {[%clk 00:02:38]} {[%emt 00:00:36]} h4
{[%clk 00:01:27]} {[%emt 00:01:07]} 32. gxh4 {[%clk 00:02:34]} {[%emt
00:00:15]} gxh4 {[%clk 00:01:36]} 33. Kf3 {[%clk 00:01:33]} {[%emt 00:01:11]}
d4 {[%clk 00:01:44]} {[%emt 00:00:01]} 34. e4 {[%clk 00:00:38]} {[%emt
00:01:06]} d3 {[%clk 00:01:53]} 35. Ke3 {[%clk 00:00:46]} {[%emt 00:00:02]} d2
{[%clk 00:01:42]} {[%emt 00:00:21]} 36. Kxd2 {[%clk 00:00:54]} Rxe4 {[%clk
00:01:51]} 37. Kc3 {[%clk 00:01:02]} {[%emt 00:00:02]} Re1 {[%clk 00:01:55]}
{[%emt 00:00:06]} 38. Rd8 {[%clk 00:00:42]} {[%emt 00:00:31]} Rc1+ {[%clk
00:01:17]} {[%emt 00:00:49]} 39. Kb4 {[%clk 00:00:46]} {[%emt 00:00:06]} Kf6
{[%clk 00:00:33]} {[%emt 00:00:54]} 40. Rd3 {[%clk 00:00:40]} {[%emt 00:00:14]}
1-0

[Event "FIDE World Cup 2025"]
[Site "Goa, India"]
[Date "2025.11.03"]
[Round "4.10"]
[White "Oro, Faustino"]
[Black "Brkic, Ante"]
[Result "1-0"]
[TimeControl ": 90 minutes for the first 40 moves, followed by 30 minutes for the rest of the gamewith an increment of 30 seconds per move starting from move 1"]
[WhiteFideId "20000197"]
[BlackFideId "14506688"]
[WhiteElo "2509"]
[BlackElo "2578"]

1. d4 {[%clk 00:15:19]} Nf6 {[%clk 00:15:18]} {[%emt 00:00:02]} 2. Nf3 {[%clk
00:15:28]} {[%emt 00:00:02]} d5 {[%clk 00:15:22]} {[%emt 00:00:05]} 3. e3
{[%clk 00:15:35]} {[%emt 00:00:02]} c5 {[%clk 00:15:10]} {[%emt 00:00:24]} 4.
dxc5 {[%clk 00:15:42]} {[%emt 00:00:03]} e6 {[%clk 00:14:02]} {[%emt 00:01:18]}
5. b4 {[%clk 00:15:50]} {[%emt 00:00:02]} a5 {[%clk 00:13:45]} {[%emt
00:00:26]} 6. c3 {[%clk 00:15:57]} {[%emt 00:00:03]} axb4 {[%clk 00:13:26]}
{[%emt 00:00:30]} 7. cxb4 {[%clk 00:16:05]} b6 {[%clk 00:13:34]} {[%emt
00:00:02]} 8. Bb5+ {[%clk 00:16:11]} {[%emt 00:00:05]} Bd7 {[%clk 00:13:39]}
{[%emt 00:00:05]} 9. Bxd7+ {[%clk 00:16:19]} {[%emt 00:00:02]} Nbxd7 {[%clk
00:13:37]} {[%emt 00:00:12]} 10. a4 {[%clk 00:16:27]} bxc5 {[%clk 00:13:46]}
{[%emt 00:00:02]} 11. b5 {[%clk 00:16:37]} {[%emt 00:00:01]} Bd6 {[%clk
00:13:51]} {[%emt 00:00:04]} 12. Bb2 {[%clk 00:16:44]} {[%emt 00:00:02]} g5
{[%clk 00:13:51]} {[%emt 00:00:11]} 13. e4 {[%clk 00:16:50]} {[%emt 00:00:04]}
g4 {[%clk 00:13:18]} {[%emt 00:00:43]} 14. Nfd2 {[%clk 00:16:57]} {[%emt
00:00:03]} d4 {[%clk 00:12:33]} {[%emt 00:00:55]} 15. Nc4 {[%clk 00:12:46]}
{[%emt 00:04:21]} Bc7 {[%clk 00:12:24]} {[%emt 00:00:19]} 16. Nbd2 {[%clk
00:12:32]} {[%emt 00:00:23]} h5 {[%clk 00:12:07]} {[%emt 00:00:27]} 17. Qe2
{[%clk 00:10:24]} {[%emt 00:02:18]} Kf8 {[%clk 00:11:32]} {[%emt 00:00:45]} 18.
Ra3 {[%clk 00:08:56]} {[%emt 00:01:39]} Qb8 {[%clk 00:10:47]} {[%emt 00:00:55]}
19. g3 {[%clk 00:08:08]} {[%emt 00:00:58]} h4 {[%clk 00:10:36]} {[%emt
00:00:21]} 20. O-O {[%clk 00:07:58]} {[%emt 00:00:20]} Ke7 {[%clk 00:10:25]}
{[%emt 00:00:21]} 21. Rb1 {[%clk 00:07:27]} {[%emt 00:00:42]} hxg3 {[%clk
00:05:36]} {[%emt 00:04:59]} 22. fxg3 {[%clk 00:07:34]} {[%emt 00:00:02]} Rh5
{[%clk 00:05:06]} {[%emt 00:00:40]} 23. Bc1 {[%clk 00:06:01]} {[%emt 00:01:43]}
Qh8 {[%clk 00:01:30]} {[%emt 00:03:47]} 24. b6 {[%clk 00:05:29]} {[%emt
00:00:42]} Bb8 {[%clk 00:01:20]} {[%emt 00:00:19]} 25. a5 {[%clk 00:05:24]}
{[%emt 00:00:16]} Ra6 {[%clk 00:01:28]} {[%emt 00:00:02]} 26. Rb5 {[%clk
00:04:12]} {[%emt 00:01:21]} Qh7 {[%clk 00:00:52]} {[%emt 00:00:47]} 27. Rab3
{[%clk 00:02:21]} {[%emt 00:02:00]} Ne5 {[%clk 00:00:29]} {[%emt 00:00:34]} 28.
Ba3 {[%clk 00:01:16]} {[%emt 00:01:14]} Nxc4 {[%clk 00:00:33]} {[%emt
00:00:06]} 29. Rxc5 {[%clk 00:00:30]} {[%emt 00:00:57]} Bd6 {[%clk 00:00:13]}
{[%emt 00:00:29]} 30. Rxh5 {[%clk 00:00:30]} {[%emt 00:00:11]} Qxh5 {[%clk
00:00:19]} {[%emt 00:00:05]} 31. Bxd6+ {[%clk 00:00:32]} {[%emt 00:00:08]} Nxd6
{[%clk 00:00:16]} {[%emt 00:00:13]} 32. Qxa6 {[%clk 00:00:39]} {[%emt
00:00:03]} Qc5 {[%clk 00:00:24]} {[%emt 00:00:03]} 33. Qd3 {[%clk 00:00:36]}
{[%emt 00:00:13]} Nd7 {[%clk 00:00:23]} {[%emt 00:00:11]} 34. b7 {[%clk
00:00:40]} {[%emt 00:00:06]} Qxa5 {[%clk 00:00:12]} {[%emt 00:00:21]} 35. b8=Q
Nxb8 {[%clk 00:00:21]} 36. Rxb8 {[%clk 00:00:50]} 1-0

[Event "FIDE World Cup 2025"]
[Site "Goa, India"]
[Date "2025.11.03"]
[Round "4.11"]
[White "Bartel, Mateusz"]
[Black "Aronyak, Ghosh"]
[Result "1-0"]
[TimeControl ": 90 minutes for the first 40 moves, followed by 30 minutes for the rest of the gamewith an increment of 30 seconds per move starting from move 1"]
[WhiteFideId "1112635"]
[BlackFideId "25072846"]
[WhiteElo "2575"]
[BlackElo "2514"]

1. e4 {[%clk 00:15:18]} {[%emt 00:00:01]} e5 {[%clk 00:15:18]} {[%emt
00:00:03]} 2. Nf3 {[%clk 00:15:26]} {[%emt 00:00:02]} Nf6 {[%clk 00:15:26]}
{[%emt 00:00:01]} 3. d4 {[%clk 00:15:34]} {[%emt 00:00:03]} Nxe4 {[%clk
00:15:31]} {[%emt 00:00:05]} 4. Bd3 {[%clk 00:15:42]} {[%emt 00:00:02]} d5
{[%clk 00:15:27]} {[%emt 00:00:14]} 5. Nxe5 {[%clk 00:15:49]} {[%emt 00:00:02]}
Nd7 {[%clk 00:15:31]} {[%emt 00:00:07]} 6. O-O {[%clk 00:15:56]} {[%emt
00:00:03]} Nxe5 {[%clk 00:15:19]} {[%emt 00:00:22]} 7. dxe5 {[%clk 00:16:03]}
{[%emt 00:00:03]} Nc5 {[%clk 00:15:27]} {[%emt 00:00:02]} 8. Be3 {[%clk
00:16:08]} {[%emt 00:00:05]} Be7 {[%clk 00:14:20]} {[%emt 00:01:18]} 9. f4
{[%clk 00:16:07]} {[%emt 00:00:10]} Nxd3 {[%clk 00:14:00]} {[%emt 00:00:30]} 10.
Qxd3 {[%clk 00:16:15]} {[%emt 00:00:02]} g6 {[%clk 00:14:08]} {[%emt 00:00:02]}
11. Nc3 {[%clk 00:16:23]} {[%emt 00:00:02]} c6 {[%clk 00:13:59]} {[%emt
00:00:19]} 12. Ne2 {[%clk 00:16:32]} {[%emt 00:00:02]} Bf5 {[%clk 00:12:14]}
{[%emt 00:01:55]} 13. Qd2 {[%clk 00:16:20]} {[%emt 00:00:21]} Qd7 {[%clk
00:12:15]} {[%emt 00:00:09]} 14. c3 {[%clk 00:15:58]} {[%emt 00:00:32]} O-O
{[%clk 00:11:24]} {[%emt 00:01:02]} 15. b4 {[%clk 00:10:49]} {[%emt 00:05:19]}
b6 {[%clk 00:11:06]} {[%emt 00:00:28]} 16. h3 {[%clk 00:09:45]} {[%emt
00:01:14]} h5 {[%clk 00:10:48]} {[%emt 00:00:28]} 17. Nd4 {[%clk 00:09:13]}
{[%emt 00:00:43]} Rfd8 {[%clk 00:07:57]} {[%emt 00:03:01]} 18. Nb3 {[%clk
00:06:01]} {[%emt 00:03:20]} Rac8 {[%clk 00:07:07]} {[%emt 00:01:01]} 19. Qf2
{[%clk 00:06:10]} Be4 {[%clk 00:05:40]} {[%emt 00:01:37]} 20. a4 {[%clk
00:05:49]} {[%emt 00:00:31]} Qc7 {[%clk 00:05:27]} {[%emt 00:00:23]} 21. f5
{[%clk 00:03:59]} {[%emt 00:02:01]} Qxe5 {[%clk 00:04:09]} {[%emt 00:01:28]} 22.
fxg6 {[%clk 00:04:04]} {[%emt 00:00:04]} Bxg6 {[%clk 00:04:16]} {[%emt
00:00:03]} 23. Bd4 {[%clk 00:04:06]} {[%emt 00:00:08]} Qg5 {[%clk 00:03:53]}
{[%emt 00:00:33]} 24. Rae1 {[%clk 00:03:56]} {[%emt 00:00:20]} Bd6 {[%clk
00:03:13]} {[%emt 00:00:51]} 25. Bf6 {[%clk 00:03:23]} {[%emt 00:00:43]} Qg3
{[%clk 00:03:21]} {[%emt 00:00:02]} 26. Qxg3 {[%clk 00:03:31]} {[%emt
00:00:02]} Bxg3 {[%clk 00:03:29]} {[%emt 00:00:02]} 27. Re3 {[%clk 00:03:40]}
Bd6 {[%clk 00:03:35]} {[%emt 00:00:04]} 28. Bxd8 {[%clk 00:03:47]} {[%emt
00:00:03]} Rxd8 {[%clk 00:03:44]} 29. Nd4 {[%clk 00:03:52]} {[%emt 00:00:06]}
c5 {[%clk 00:03:24]} {[%emt 00:00:30]} 30. Nc6 {[%clk 00:03:25]} {[%emt
00:00:37]} cxb4 {[%clk 00:02:55]} {[%emt 00:00:39]} 31. Nxd8 {[%clk 00:02:26]}
{[%emt 00:01:10]} Bc5 {[%clk 00:03:03]} {[%emt 00:00:01]} 32. Kf2 {[%clk
00:02:35]} b3 {[%clk 00:01:59]} {[%emt 00:01:14]} 33. Nc6 {[%clk 00:02:42]}
{[%emt 00:00:03]} Bxe3+ {[%clk 00:02:05]} {[%emt 00:00:04]} 34. Kxe3 {[%clk
00:02:50]} {[%emt 00:00:02]} Be4 {[%clk 00:02:07]} {[%emt 00:00:08]} 35. Nb4
{[%clk 00:02:42]} {[%emt 00:00:17]} 1-0